| 000 | 00617nam a22002297a 4500 | ||
|---|---|---|---|
| 999 |
_c1308 _d1308 |
||
| 001 | 19098 | ||
| 003 | BD-DhUAP | ||
| 005 | 20200205123304.0 | ||
| 008 | 200205s2012 ii ||||| |||| 000 0 eng d | ||
| 020 | _a9789350351826 | ||
| 040 |
_aBD-DhUAP _bEng _cBD-DhUAP _dBD-DhUAP |
||
| 082 |
_223 _a342.02 PYL |
||
| 100 | _aPylee, M. V. | ||
| 245 |
_aConstitutions of the world / _cM. V. Pylee. |
||
| 250 | _a4th ed. | ||
| 260 |
_aNew Delhi : _bUniversal Law Pub., _cc2012. |
||
| 300 |
_avolumes ; _c25 cm. |
||
| 505 | _aV. 1-- | ||
| 650 | _aConstitutional history. | ||
| 650 | _aConstitutional law. | ||
| 942 |
_2ddc _cBK |
||